The classics of international law. Hispanicae advocationis

Gespeichert in:
Bibliographische Detailangaben
1. Verfasser: Gentili, Alberico (VerfasserIn)
Format: Buch
Sprache:Latein
Englisch
Veröffentlicht: Washington, D.C Carnegie Endowment for International Peace 1921
Schlagworte:
Tags: Tag hinzufügen
Keine Tags, Fügen Sie den ersten Tag hinzu!

MARC

LEADER 00000nam a2200000 a 4500
001 UCT9330
003 CL-VaPUC
008 970404e19210000US |||||||||||||||||lat|d
041 0 7 |a lat  |2 CL-VaPUC 
041 0 7 |a eng  |2 CL-VaPUC 
082 0 4 |a 341  |b GEN  |2 21 
100 0 |a Gentili, Alberico  |e author  |9 326221 
245 1 4 |a The classics of international law. Hispanicae advocationis 
300 |a 2 v 
942 |c BK 
945 |d 19970404 00:00:00  |a paguirre 
260 |a Washington, D.C  |b Carnegie Endowment for International Peace  |c 1921 
500 |a v.1: Text of 1661 
500 |a v.2: Translation 
650 0 |a Derecho internacional  |9 255637 
650 0 |a Relaciones Internacionales  |9 255740 
650 0 |a Diplomacia  |9 256483 
650 0 |a Historia  |9 255047 
651 0 |a España  |9 254926 
583 |a last modification  |c 19970404 00:00:00  |k Rodrigo Vera 
999 |c 257741  |d 257739 
952 |0 0  |1 0  |4 0  |6 341_000000000000000_GEN_1921  |7 0  |8 X  |9 281381  |a BIBDER  |b BIBDER  |d 2019-11-19  |h v.1  |i 1820648  |o 341 GEN 1921  |p 1820648  |r 2023-01-25  |w 2019-11-19  |y BK_X  |k DER 
952 |0 0  |1 0  |4 0  |6 341_000000000000000_GEN_1921  |7 0  |8 X  |9 281382  |a BIBDER  |b BIBDER  |d 2019-11-19  |h v.2  |i 1820656  |o 341 GEN 1921  |p 1820656  |r 2023-01-25  |w 2019-11-19  |y BK_X  |k DER 
952 |0 0  |1 0  |4 0  |6 341_000000000000000_GEN_1921  |7 0  |8 DER_HIS  |9 281383  |a BIBDER  |b BIBDER  |d 2019-11-19  |h v1  |i 1887246  |o 341 GEN 1921  |p 1887246  |r 2023-01-25  |w 2019-11-19  |x Ubicación 4to Piso  |y BK_X  |z Estos recursos deben solicitarse con anticipación  |k DER 
952 |0 0  |1 0  |4 0  |6 341_000000000000000_GEN_1921  |7 0  |8 DER_HIS  |9 281384  |a BIBDER  |b BIBDER  |d 2019-11-19  |h v.2  |i 1887297  |o 341 GEN 1921  |p 1887297  |r 2023-01-25  |w 2019-11-19  |x Ubicación 4to Piso  |y BK_X  |z Estos recursos deben solicitarse con anticipación  |k DER